| 000 | 00425nam a2200181Ia 4500 | ||
|---|---|---|---|
| 008 | 220531s9999 xx 000 0 und d | ||
| 041 | _aeng | ||
| 082 |
_a338.7 _bRED |
||
| 100 |
_aReddy, R. J. _959460 |
||
| 245 | _aAdvanced Business Economics | ||
| 250 | _a1ST | ||
| 260 |
_aNew Delhi _bAPH _c2006 |
||
| 300 | _a131 | ||
| 542 | _d17-03-2006 | ||
| 650 |
_aEconomics _959461 |
||
| 906 | _d2005-2006 | ||
| 999 |
_c34015 _d34015 |
||